书目信息 |
| 题名: |
自动化生产线安装与调试项目化教程
|
|
| 作者: | 梁亮 , 梁玉文 , 宋宇 主编 | |
| 分册: | ||
| 出版信息: | 北京 北京理工大学出版社 2016 |
|
| 页数: | 267页 | |
| 开本: | 26cm | |
| 丛书名: | ||
| 单 册: | ||
| 中图分类: | TP278 , TP27 | |
| 科图分类: | ||
| 主题词: | 自动生产线--zi dong sheng chan xian--安装--教材 , 自动生产线--zi dong sheng chan xian--调试方法--教材 | |
| 电子资源: | ||
| ISBN: | 978-7-5682-2636-3 | |
| 000 | 01241nam0 2200289 450 | |
| 001 | 1629702063 | |
| 005 | 20161014091310.2 | |
| 010 | @a978-7-5682-2636-3@dCNY52.00 | |
| 100 | @a20161013d2016 em y0chiy50 ea | |
| 101 | 0 | @achi |
| 102 | @aCN@b110000 | |
| 105 | @aak a 000yy | |
| 106 | @ar | |
| 200 | 1 | @a自动化生产线安装与调试项目化教程@Azi dong hua sheng chan xian an zhuang yu tiao shi xiang mu hua jiao cheng@f主编梁亮, 梁玉文, 宋宇 |
| 210 | @a北京@c北京理工大学出版社@d2016 | |
| 215 | @a267页@c图@d26cm | |
| 320 | @a有书目 (第267页) | |
| 330 | @a本书以自动化线安装与调试所需知识和技能为学习目标, 介绍了自动生产线上所应用的相关理论技术, 包括传感器技术、气动技术、电机与驱动技术、可编程控制器技术、网络通讯技术和人机界面等知识。以全国职业院校技能大赛指定设备YL-335B为实训设备, 设计了六个项目: 供料单、加工单元、装配单元、分拣单元、输送单元的安装与调试以及自动线的联网调试。 | |
| 606 | 0 | @a自动生产线@Azi dong sheng chan xian@x安装@j教材 |
| 606 | 0 | @a自动生产线@Azi dong sheng chan xian@x调试方法@j教材 |
| 690 | @aTP278@v5 | |
| 690 | @aTP27@v4 | |
| 701 | 0 | @a梁亮@Aliang liang@4主编 |
| 701 | 0 | @a梁玉文@Aliang yu wen@4主编 |
| 701 | 0 | @a宋宇@Asong yu@4主编 |
| 801 | 0 | @aCN@b人天书店@c20161013 |
| 905 | @aMUSE@dTP27@e2 | |
| 自动化生产线安装与调试项目化教程/主编梁亮, 梁玉文, 宋宇.-北京:北京理工大学出版社,2016 |
| 267页:图;26cm |
| ISBN 978-7-5682-2636-3:CNY52.00 |
| 本书以自动化线安装与调试所需知识和技能为学习目标, 介绍了自动生产线上所应用的相关理论技术, 包括传感器技术、气动技术、电机与驱动技术、可编程控制器技术、网络通讯技术和人机界面等知识。以全国职业院校技能大赛指定设备YL-335B为实训设备, 设计了六个项目: 供料单、加工单元、装配单元、分拣单元、输送单元的安装与调试以及自动线的联网调试。 |
| ● |
| 相关链接 |
|
|
|
正题名:自动化生产线安装与调试项目化教程
索取号:TP27/2
 
预约/预借
| 序号 | 登录号 | 条形码 | 馆藏地/架位号 | 状态 | 备注 |
| 1 | 816837 | 2000816837 | 第二书库/ [索取号:TP27/2] | 在馆 | |
| 2 | 816838 | 2000816838 | 第二书库/ [索取号:TP27/2] | 在馆 | |
| 3 | 816839 | 2000816839 | 第二书库/ [索取号:TP27/2] | 在馆 |